| 000 | 01293 a2200265 4500 | ||
|---|---|---|---|
| 999 |
_c5810 _d5810 |
||
| 020 | _a0471370517 (cloth : alk. paper) | ||
| 050 | 0 | 0 | _aSB 611 MON 2001 |
| 100 | 1 |
_aMonaco, Thomas J. _eAuthor |
|
| 245 | 1 | 0 |
_aWeed science: _bprinciples and practices / _cThomas J. Monaco, Stephen C. Weller, Floyd M. Ashton. |
| 250 | _a4th ed. | ||
| 264 |
_aNew York: _bJohn Wiley and Sons Inc., _c2002 |
||
| 300 |
_axi, 671 p. : _bill. ; |
||
| 500 | _aRev. ed. of: Weed science / Floyd M. Ashton. 3rd ed. c1991. | ||
| 504 | _aIncludes bibliographical references. | ||
| 650 | 0 |
_aWeeds _xControl. |
|
| 650 | 0 | _aHerbicides. | |
| 700 | 1 |
_aWeller, Stephen C. _eAuthor |
|
| 700 | 1 |
_aAshton, Floyd M. _eAuthor |
|
| 700 | 1 |
_aAshton, Floyd M. _eAuthor |
|
| 856 | 4 | 2 |
_3Contributor biographical information _uhttp://www.loc.gov/catdir/bios/wiley046/2001026926.html |
| 856 | 4 | 2 |
_3Publisher description _uhttp://www.loc.gov/catdir/description/wiley0310/2001026926.html |
| 856 | 4 | 1 |
_3Table of contents _uhttp://www.loc.gov/catdir/toc/wiley021/2001026926.html |
| 942 |
_2lcc _cBK _e4th ed. _h611 _iMON _kSB |
||